<?xml version="1.0" encoding="UTF-8"?>
<record
    xmlns:xsi="http://www.w3.org/2001/XMLSchema-instance"
    xsi:schemaLocation="http://www.loc.gov/MARC21/slim http://www.loc.gov/standards/marcxml/schema/MARC21slim.xsd"
    xmlns="http://www.loc.gov/MARC21/slim">

  <leader>02379nam a22001937a 4500</leader>
  <controlfield tag="003">DO-CoUTE</controlfield>
  <controlfield tag="005">20260523142807.0</controlfield>
  <controlfield tag="008">260523b        dr ||||| |||| 00| 0 spa d</controlfield>
  <datafield tag="040" ind1=" " ind2=" ">
    <subfield code="a">DO-CoUTE</subfield>
    <subfield code="b">spa</subfield>
    <subfield code="c">DO-CoUTE</subfield>
  </datafield>
  <datafield tag="082" ind1=" " ind2=" ">
    <subfield code="a">RD 363.8567293R426P</subfield>
  </datafield>
  <datafield tag="110" ind1="1" ind2=" ">
    <subfield code="a">Ministerio de la presidencia de la Republica Dominicana </subfield>
    <subfield code="e">Autor </subfield>
  </datafield>
  <datafield tag="245" ind1="1" ind2="0">
    <subfield code="a">Actualidad y futuro para lograrla soberan&#xED;a y seguridad alimentaria y nutricional en la Rep&#xFA;blica Dominicana: Generaci&#xF3;n y transferencia de conocimientos y tecnolog&#xED;a /</subfield>
    <subfield code="c">Editores: Carlos M. Rodr&#xED;guez Pe&#xF1;a, Francisco Roberto Arias Milla, Modesto Reyes</subfield>
  </datafield>
  <datafield tag="260" ind1=" " ind2=" ">
    <subfield code="a">Santo Domingo, Rep&#xFA;blica Dominicana ;</subfield>
    <subfield code="c">2024</subfield>
  </datafield>
  <datafield tag="300" ind1=" " ind2=" ">
    <subfield code="a">258 Paginas : </subfield>
    <subfield code="b">Ilustraciones ;</subfield>
    <subfield code="c">22x23cm, </subfield>
  </datafield>
  <datafield tag="504" ind1=" " ind2=" ">
    <subfield code="a">Incluye referencia bibliogr&#xE1;fica e &#xED;ndice.</subfield>
  </datafield>
  <datafield tag="505" ind1=" " ind2=" ">
    <subfield code="a">Cap&#xED;tulo I.-introducci&#xF3;n, de contextualizaci&#xF3;n, conceptualizaci&#xF3;n y organizaci&#xF3;n del evento, m&#xE9;todo trabajos seminario -- Cap&#xED;tulo Il.- producci&#xF3;n de combustibles sostenibles de avi&#xF3;n: balance delicado entre beneficios econ&#xF3;micos y ambientales (conferencia magistral) Robert J. Macias, Aidan Garcia, Manuel Garc&#xED;a-P&#xE9;rez -- Cap&#xED;tulo III.- conferencia magistral Arturo Bison&#xF3; -- Cap&#xED;tulo IV.- Mesa 1: soberan&#xED;a y seguridad alimentaria y nutricional de todos los estratos poblacionales dominicanos, pol&#xED;ticas, organizaci&#xF3;n, y roles institucionales -- Cap&#xED;tulo V.- Mesa 2: Disponibilidad y acceso a los alimentos: producci&#xF3;n, importaci&#xF3;n y procesamiento de alimentos -- Cap&#xED;tulo VI. - Mesa 3: An&#xE1;lisis del impacto del cambio clim&#xE1;tico (cc) en las cadenas de producci&#xF3;n, y al uso y conservaci&#xF3;n de los recursos naturales (gen&#xE9;ticos, forestales, ed&#xE1;ficos, y acu&#xED;feros) soberan&#xED;a y seguridad alimentaria y nutricional -- Cap&#xED;tulo VII.- Mesa 4: Organizaci&#xF3;n institucional y capacidad del sistema nacional de investigaciones Agropecuarias y Forestales-SINIAF -- Cap&#xED;tulo VIII.- Mesa 5: Estrategias financieras, actuales y futuras, para la generaci&#xF3;n y transferencia de tecnolog&#xED;a, agroalimentaria y forestal (GYTTAF), producci&#xF3;n y procesamiento de alimentos para lograr incrementar la seguridad y soberan&#xED;a alimentaria y nutricional (SSAN) -- Cap&#xED;tulo IX. - Sistema universitario de integraci&#xF3;n cientifica-tecnol&#xF3;gica agro-alimentaria y forestal -- Cap&#xED;tulo X.- Discusi&#xF3;n y conclusiones generales.</subfield>
  </datafield>
  <datafield tag="650" ind1=" " ind2="4">
    <subfield code="a">Seguridad Alimentaria </subfield>
  </datafield>
  <datafield tag="942" ind1=" " ind2=" ">
    <subfield code="2">ddc</subfield>
    <subfield code="c">BK</subfield>
  </datafield>
  <datafield tag="999" ind1=" " ind2=" ">
    <subfield code="c">24226</subfield>
    <subfield code="d">24226</subfield>
  </datafield>
  <datafield tag="952" ind1=" " ind2=" ">
    <subfield code="0">0</subfield>
    <subfield code="1">0</subfield>
    <subfield code="2">ddc</subfield>
    <subfield code="4">0</subfield>
    <subfield code="7">0</subfield>
    <subfield code="8">RD</subfield>
    <subfield code="a">BU</subfield>
    <subfield code="b">BU</subfield>
    <subfield code="c">GEN</subfield>
    <subfield code="d">2026-05-23</subfield>
    <subfield code="i">023749</subfield>
    <subfield code="l">0</subfield>
    <subfield code="o">RD 363.8567293R426P</subfield>
    <subfield code="p">023749</subfield>
    <subfield code="r">2026-05-23 14:28:51</subfield>
    <subfield code="t">Ej.1</subfield>
    <subfield code="w">2026-05-23</subfield>
    <subfield code="y">BK</subfield>
  </datafield>
  <datafield tag="952" ind1=" " ind2=" ">
    <subfield code="0">0</subfield>
    <subfield code="1">0</subfield>
    <subfield code="2">ddc</subfield>
    <subfield code="4">0</subfield>
    <subfield code="7">0</subfield>
    <subfield code="8">RD</subfield>
    <subfield code="a">BU</subfield>
    <subfield code="b">BU</subfield>
    <subfield code="c">GEN</subfield>
    <subfield code="d">2026-05-23</subfield>
    <subfield code="i">023744</subfield>
    <subfield code="l">0</subfield>
    <subfield code="o">RD 363.8567293R426P</subfield>
    <subfield code="p">023744</subfield>
    <subfield code="r">2026-05-23 14:29:17</subfield>
    <subfield code="t">Ej.1</subfield>
    <subfield code="w">2026-05-23</subfield>
    <subfield code="y">BK</subfield>
  </datafield>
</record>
